El amor es eterno mientras dura /
La primera novela de un escritor de Costa Rica ( 1959) , el autor de dos libros de cuentos . La novela se centra en la relación de una madre y su hijo durante un período de movimiento migratorio regional y el desplazamiento.
Uloženo v:
| Hlavní autor: | |
|---|---|
| Médium: | Kniha |
| Jazyk: | Spanish |
| Vydáno: |
San José, Costa Rica :
Jadine,
2010.
|
| Vydání: | 2. edición |
| Témata: | |
| Tagy: |
Přidat tag
Žádné tagy, Buďte první, kdo vytvoří štítek k tomuto záznamu!
|
MARC
| LEADER | 00000cam a2200000 a 4500 | ||
|---|---|---|---|
| 001 | 16190919 | ||
| 005 | 20141125020613.0 | ||
| 008 | 100401s2010 cr 000 1 spa d | ||
| 020 | |a 9789968502122 | ||
| 040 | |a DLC |c DLC |d CRU CIICLA | ||
| 082 | |a CR863.4 |b A283a2 | ||
| 100 | 1 | |a Aguilar Quirós, Alfredo. |d 1959- | |
| 245 | 1 | 3 | |a El amor es eterno mientras dura / |c Alfredo Aguilar. |
| 250 | |a 2. edición | ||
| 260 | |a San José, Costa Rica : |b Jadine, |c 2010. | ||
| 300 | |a 149 páginas | ||
| 520 | |a La primera novela de un escritor de Costa Rica ( 1959) , el autor de dos libros de cuentos . La novela se centra en la relación de una madre y su hijo durante un período de movimiento migratorio regional y el desplazamiento. | ||
| 650 | 1 | 4 | |a LITERATURA COSTARRICENSE |v NOVELA |
| 942 | |2 ddc |c BK | ||
| 999 | |c 3603 |d 3603 | ||



